Quiet Hills (Record no. 6491)

MARC details
000 -LEADER
fixed length control field 00606nam a2200241 a 4500
020 ## - INTERNATIONAL STANDARD BOOK NUMBER
ISBN
082 00 - DEWEY DECIMAL CLASSIFICATION NUMBER
Classification number 954.2
Author Cutter SUB
100 ## - MAIN ENTRY--AUTHOR NAME
Author name Subba, Tanka Bahadur
245 ## - TITLE STATEMENT
Title Quiet Hills
Sub title a Study of the Agrarian Relations in Hill Darjeeling.
260 ## - PUBLICATION, DISTRIBUTION, ETC. (IMPRINT)
Place of publication Delhi
Name of publisher ISPCK
Year of publication 1985
300 ## - PHYSICAL DESCRIPTION
Number of Pages 132p
500 ## - GENERAL NOTE
General note includes index and biblioraphy
505 2# - FORMATTED CONTENTS NOTE
Formatted contents note Index
650 ## - SUBJECT ADDED ENTRY--TOPICAL TERM
Topical Term Darjeeling
942 ## - ADDED ENTRY ELEMENTS (KOHA)
Koha item type Books
700 1# -
-- Subba, Tanka Bahadur
Holdings
Collection code Home library Current library Date acquired Cost, normal purchase price Full call number Accession Number Koha item type
  Henry Martyn Institute Library Henry Martyn Institute Library 04/10/2007 100.00 954.2 SUB 012258 Books
                   Copyright © 2026 | Henry Martyn Institute | Hyderabad | TS-500052 | INDIA | Implemented by hmi.edu.in
Hit-Count:

Powered by Koha